000 00751nam a2200217Ii 4500
003 JO-AjNU
008 230605s9999||||xx |||||||||||||| ||und||
040 _aJO-AjNU
_bara
_erda
_cJO-AjNU
041 _aara
050 1 4 _aHF5721.S6612 1900Z
100 3 _aزين، اديب,
_eauthor
_911212
245 0 0 _aالرسائل التجارية
250 _aط1
264 3 1 _aبيروت: المكتبة الحديثة للطباعة والنشر، 1900Z
300 _a263ص
_bيحتوي على ببلوغرافية من ص260-263ص
336 _atext
_btxt
_2rdacontent
337 _aunmediated
_bn
_2rdamedia
338 _avolume
_bnc
_2rdacarrier
490 0 _aسلسلة الكتاب الحديث
650 4 _aالمراسلات التجارية
_911213
999 _aA2206
_c5774
_d5774